The AI classroom : the ultimate guide to artificial intelligence in education /

Dades bibliogràfiques
Altres autors: Fitzpatrick, Daniel, Fox, Amanda, Weinstein, Brad, Chandra, Vikram A., Lakhani, Priya
Format: Llibre
Idioma:English
Publicat: Beech Grove, IN, : TeacherGoals Publishing, LLC, 2023.
Col·lecció:Everything EdTech series
Matèries:
Classic Catalogue: View this record in Classic Catalogue
LEADER 02290nam a22003737a 4500
001 44654
003 BD-DhAAL
005 20250901101859.0
008 250831t2023 |||a|||| |b|| 001 0 eng d
020 |a 9781959419112 
040 |a BD-DhAAL  |c BD-DhAAL 
082 |a 378.1734 
245 |a The AI classroom :  |b the ultimate guide to artificial intelligence in education /  |c Daniel Fitzpatrick ...[et..al]. 
260 |a Beech Grove, IN, :  |b TeacherGoals Publishing, LLC,  |c 2023. 
300 |a 356 pages :  |b illustrations ;  |c 26 cm. 
490 |a Everything EdTech series 
504 |a Includes bibliographical references 
505 |a The AI uprising. The rise of the machines ; The future is already here ; Outsource your doing, not your thinking The AI educator. Educators assemble ; Ped AI gogy ; World of promptcraft ; 40 prompts you can use now ; AI and the Universal Design for Learning Guidelines The AI tool repository. AI tools you can use right now The AI horizon. Leaders in the AI revolution ; The future of AI in education ; Empathy & algorithms : the convergence of EI & AI 
526 |a LTIC  |x Professor Md. Golam Samdani Fakir, PhD Director Learning and Teaching Innovation Center (LTIC) BRAC University 
541 |a Trim Education 
650 |a Education  |x Aims and objectives. 
650 |a Education  |x Computer-assisted instruction. 
650 |a Education  |x Effect of technological innovations on.  |9 30475 
650 |a Artificial intelligence  |x Educational applications.  |9 59204 
650 |a Education. 
700 |a Fitzpatrick, Daniel.  |9 59208 
700 |a Fox, Amanda.  |9 59209 
700 |a Weinstein, Brad.  |9 59210 
700 |a Chandra, Vikram A.  |9 59211 
700 |a Lakhani, Priya.  |9 59212 
830 |a Everything EdTech series  |9 59205 
942 |2 ddc  |c BK 
999 |c 47421  |d 47421 
952 |0 0  |1 0  |2 ddc  |4 0  |6 378_173400000000000_AIC  |7 0  |9 78056  |a BRACUL  |b BRACUL  |c NEW  |d 2025-08-28  |e Trim Education  |g 3500.00  |l 1  |m 2  |o 378.1734 AIC  |p 3010044654  |q 2026-07-30  |r 2025-11-04  |s 2025-11-04  |t 1  |v 3500.00  |w 2025-08-28  |y BK  |x  Requisitioned by Professor Md. Golam Samdani Fakir, PhD (Director, Learning and Teaching Innovation Center (LTIC), BRAC University) for the course named - "Enriching LTIC for curriculum development, assessment, ethics, faculty leadership, and global education, etc."